Natalidad y fecundidad en Colombia, 2001 (Registro nro. 365812)

Detalles MARC
000 -CABECERA
campo de control de longitud fija 00915nam a2200301 u 4500
001 - NÚMERO DE CONTROL
campo de control 947441
005 - FECHA Y HORA DE LA ÚLTIMA TRANSACCIÓN
campo de control 20260506155752.0
007 - CAMPO FIJO DE DESCRIPCIÓN FÍSICA--INFORMACIÓN GENERAL
campo de control de longitud fija co|||||||
008 - DATOS DE LONGITUD FIJA--INFORMACIÓN GENERAL
campo de control de longitud fija 050927s2005 spa
035 ## - NÚMERO DE CONTROL DEL SISTEMA
Número de control de sistema 947441
040 ## - FUENTE DE LA CATALOGACIÓN
Centro/agencia transcriptor comduadb
041 ## - CÓDIGO DE LENGUA
Código de lengua del texto/banda sonora o título independiente spa
080 ## - NÚMERO DE LA CLASIFICACIÓN DECIMAL UNIVERSAL
Número de la Clasificación Decimal Universal WP
100 10 - ENTRADA PRINCIPAL--NOMBRE DE PERSONA
Nombre de persona León Álvarez, Alba Luz
Código de función aut
Término indicativo de función/relación Autor/a
9 (RLIN) 409745
245 10 - TÍTULO PROPIAMENTE DICHO
Título propiamente dicho Natalidad y fecundidad en Colombia, 2001
260 ## - PUBLICACIÓN, DISTRIBUCIÓN, ETC.
Lugar de publicación, distribución, etc. Medellín :
Nombre del editor, distribuidor, etc. [sin publicador],
Fecha de publicación, distribución, etc. 2005.
300 ## - DESCRIPCIÓN FÍSICA
Extensión 1 CD-ROM
502 ## - NOTA DE TESIS
Tipo de título Tesis (Profesional en Gerencia en Sistemas de Información en Salud).
Nombre de la institución que otorga el título Universidad de Antioquia. Facultad Nacional de Salud Pública,
526 ## - NOTA DE INFORMACIÓN SOBRE EL PROGRAMA DE ESTUDIO
Nombre del programa Universidad de Antioquia. Facultad Nacional de Salud Pública. Gerencia de Sistemas de Información en Salud.
650 #7 - PUNTO DE ACCESO ADICIONAL DE MATERIA--TÉRMINO DE MATERIA
Término de materia o nombre geográfico como elemento de entrada Natalidad
Fuente del encabezamiento o término embne
9 (RLIN) 20691
650 ## - PUNTO DE ACCESO ADICIONAL DE MATERIA--TÉRMINO DE MATERIA
Término de materia o nombre geográfico como elemento de entrada Fecundidad - Colombia
9 (RLIN) 119688
650 ## - PUNTO DE ACCESO ADICIONAL DE MATERIA--TÉRMINO DE MATERIA
Término de materia o nombre geográfico como elemento de entrada Estadísticas de fecundidad
9 (RLIN) 40849
700 10 - ENTRADA AGREGADA--NOMBRE PERSONAL
Nombre de persona Ocampo Arroyave, Leidy Johanna
Código de función aut
Término indicativo de función/relación Autor/a
9 (RLIN) 537201
700 10 - ENTRADA AGREGADA--NOMBRE PERSONAL
Nombre de persona Spath Portillo, Doris Estella
Código de función aut
Término indicativo de función/relación Autor/a
9 (RLIN) 413242
700 10 - ENTRADA AGREGADA--NOMBRE PERSONAL
Nombre de persona Agudelo García, Héctor Byron
Código de función ths
Término indicativo de función/relación Asesor/a de tesis
9 (RLIN) 284090
700 10 - ENTRADA AGREGADA--NOMBRE PERSONAL
Nombre de persona Grisales Romero, Hugo
Código de función ths
Término indicativo de función/relación Asesor/a de tesis
9 (RLIN) 283707
942 ## - ELEMENTOS DE ENTRADA AGREGADA (KOHA)
Tipo de ítem Koha Tesis
Existencias
Estado de retiro Estado de pérdida Estado dañado No para préstamo Código de colección Localización permanente Ubicación/localización actual Fecha de adquisición Fuente de adquisición Número de inventario Total de préstamos Signatura topográfica completa Código de barras Fecha visto por última vez Número de copia Precio válido a partir de Tipo de ítem Koha
        Colección Semiactiva Biblioteca de Salud Pública, Campus Medellín Biblioteca de Salud Pública, Campus Medellín 28/09/2005 Material adquirido por donación C883067   WP565 L4-05 CD-ROM 0568181 26/04/2023 1 26/04/2023 Digital (CD-ROM, DVD, Blu-Ray, USB)